000 00715nam a2200229Ia 4500
003 OSt
005 20220925231738.0
006 a|||||r|||| 00| 0
007 ta
008 220923b |||||||| |||| 00| 0 eng d
037 _cGeneral Book
040 _aRTL
_cRTL
_beng
041 _2eng
_aeng
082 _aU18:M95 (D:28).73.N90, N0
110 _aCONVENTION ON 1990 ACSM - ASPRS.
_9296053
245 0 _aTechnical papers (1990).
260 _aMaryland
_bAmerican Society for Photogrammetry and Remote Sensing.
_c1990
300 _axii; 156p.
_ccm.
700 _aCONVENTION ON 1990 ACSM - ASPRS.
_9296054
942 _hU18:M95 (D:28).73.N90, N0
_cGB
_2CC
999 _c589369
_d589369